[Event "Titled Tuesday intern op 29th Aug Late"]
[Site "Chess.com INT"]
[Date "2023.08.29"]
[Round "11"]
[White "Holt, Conrad"]
[Black "Ghazarian, Kirk Vagho"]
[Result "0-1"]
[WhiteElo "2540"]
[BlackElo "2474"]
[PlyCount "182"]
[EventDate "2023.08.29"]
[EventType "swiss (blitz)"]
[EventRounds "11"]
[EventCountry "USA"]
[SourceTitle "EXT 2024"]
[Source "ChessBase"]
[SourceDate "2023.10.10"]
[SourceVersion "1"]
[SourceVersionDate "2023.10.10"]
[SourceQuality "1"]

1. d4 Nf6 2. c4 e6 3. Nc3 d5 4. cxd5 exd5 5. Bg5 Be7 6. e3 c6 7. Bd3 h6 8. Bh4 0-0 9. Nge2 Nbd7 10. 0-0 Ne8 11. Bxe7 Qxe7 12. e4 dxe4 13. Bxe4 Nd6 14. Bf3 Nf6 15. Re1 Re8 16. Ng3 Qxe1+ 17. Qxe1 Rxe1+ 18. Rxe1 Kf8 19. d5 cxd5 20. Nxd5 Nxd5 21. Bxd5 Bd7 22. Rd1 Rc8 23. h3 Ke7 24. Nh5 g6 25. Re1+ Kf8 26. Nf6 Bc6 27. Bb3 Ne8 28. Ng4 h5 29. Ne5 Nd6 30. Rd1 Ke7 31. h4 Be8 32. Kh2 Rc5 33. Re1 Kf6 34. Nd3 Rc7 35. Nf4 Bc6 36. Rc1 Rd7 37. Bd5 Bxd5 38. Nxd5+ Ke5 39. Ne3 Ne4 40. f3 Nf6 41. Kg3 Ke6 42. Re1 Kd6 43. Kf4 Re7 44. Nc4+ Kd7 45. Ne5+ Ke8 46. Rd1 Re6 47. g4 Rb6 48. b3 Ra6 49. a4 Rb6 50. Rd3 Rb4+ 51. Kg5 Rb6 52. Kh6 Re6 53. Kg7 Rxe5 54. Kxf6 Re6+ 55. Kg7 hxg4 56. fxg4 Re4 57. h5 gxh5 58. gxh5 Rg4+ 59. Kf6 Rh4 60. Kg5 Rh1 61. h6 Rg1+ 62. Kf5 Rf1+ 63. Ke5 Rh1 64. Kd6 Rxh6+ 65. Kc7 Rb6 66. a5 Rb5 67. Kb8 Rxa5 68. Kxb7 Ra3 69. Re3+ Kd7 70. Rf3 Ke6 71. Kc6 f5 72. Re3+ Kf6 73. Kc5 f4 74. Rd3 Kf5 75. Kb4 Ra1 76. Rd8 f3 77. Rf8+ Ke4 78. Kc3 Ke3 79. Re8+ Kf2 80. Kd2 Kg2 81. Rg8+ Kf1 82. Rf8 f2 83. Ke3 Re1+ 84. Kf3 Rb1 85. Kg3 Rxb3+ 86. Kh2 Re3 87. Rf4 a5 88. Ra4 Rd3 89. Rxa5 Ke2 90. Ra2+ Rd2 91. Ra1 f1Q 0-1

[Event "Titled Tuesday intern op 29th Aug Late"]
[Site "Chess.com INT"]
[Date "2023.08.29"]
[Round "4"]
[White "Pesotskiy, Mikhail"]
[Black "Ghazarian, Kirk Vagho"]
[Result "0-1"]
[WhiteElo "2140"]
[BlackElo "2474"]
[PlyCount "124"]
[EventDate "2023.08.29"]
[EventType "swiss (blitz)"]
[EventRounds "11"]
[EventCountry "USA"]
[SourceTitle "EXT 2024"]
[Source "ChessBase"]
[SourceDate "2023.10.10"]
[SourceVersion "1"]
[SourceVersionDate "2023.10.10"]
[SourceQuality "1"]

1. d4 d5 2. c4 e6 3. Nc3 a6 4. cxd5 exd5 5. Bf4 c6 6. e3 Bd6 7. Bxd6 Qxd6 8. Bd3 Ne7 9. Qc2 g6 10. Nf3 Bf5 11. 0-0 0-0 12. Rfc1 Nd7 13. Na4 Bxd3 14. Qxd3 a5 15. a3 Nf5 16. Nc5 Nxc5 17. Rxc5 Qe7 18. h3 Nd6 19. Rc2 a4 20. Re1 Rfe8 21. Rce2 Ra5 22. Nd2 Ne4 23. Nxe4 Qxe4 24. Qxe4 Rxe4 25. Rb1 Rb5 26. b4 axb3 27. Reb2 c5 28. dxc5 Rxc5 29. Rxb3 d4 30. Rb4 Rd5 31. Rxd4 Rexd4 32. exd4 Rxd4 33. Rxb7 Rd1+ 34. Kh2 Ra1 35. Rb3 h5 36. h4 Ra2 37. Kg3 Kg7 38. Rf3 Kg8 39. Kf4 Re2 40. Kg5 Kg7 41. Kf4 Kg8 42. Kg3 Ra2 43. Kh3 Kg7 44. g3 Kg8 45. Kg2 Ra1 46. Rb3 Kg7 47. Kf3 Ra2 48. Ke3 Kf6 49. Rb6+ Kf5 50. Ra6 Kg4 51. Ra4+ Kh3 52. Kf3 Kh2 53. Ra7 Kg1 54. a4 Rxf2+ 55. Ke3 Kg2 56. a5 Kxg3 57. a6 Ra2 58. Ra8 Kxh4 59. a7 g5 60. Kf3 g4+ 61. Kf4 Ra4+ 62. Kf5 g3 0-1

[Event "Titled Tuesday intern op 29th Aug Late"]
[Site "Chess.com INT"]
[Date "2023.08.29"]
[Round "8"]
[White "Trifan, Andrei Ioan"]
[Black "Ghazarian, Kirk Vagho"]
[Result "1/2-1/2"]
[WhiteElo "2300"]
[BlackElo "2474"]
[PlyCount "192"]
[EventDate "2023.08.29"]
[EventType "swiss (blitz)"]
[EventRounds "11"]
[EventCountry "USA"]
[SourceTitle "EXT 2024"]
[Source "ChessBase"]
[SourceDate "2023.10.10"]
[SourceVersion "1"]
[SourceVersionDate "2023.10.10"]
[SourceQuality "1"]

1. Nf3 d5 2. e3 g6 3. b3 Bg7 4. d4 Nf6 5. Bb2 0-0 6. Be2 b6 7. 0-0 Bb7 8. Nbd2 c5 9. c4 Nbd7 10. Rc1 Rc8 11. h3 Ne4 12. Nxe4 dxe4 13. Ne1 cxd4 14. Bxd4 Ne5 15. Qc2 Qd6 16. Qb2 Rfd8 17. Nc2 Nd3 18. Bxd3 Bxd4 19. Nxd4 exd3 20. f4 a6 21. f5 Rc5 22. Rf4 b5 23. cxb5 Rxc1+ 24. Qxc1 axb5 25. Qd2 Qd5 26. Rg4 Kf8 27. Qxd3 gxf5 28. Qxf5 Qxf5 29. Nxf5 Rd2 30. a4 bxa4 31. bxa4 Ra2 32. Rb4 e6 33. Rxb7 exf5 34. Rb5 Rxa4 35. Rxf5 Ra2 36. Rf2 Ra1+ 37. Rf1 Ra2 38. Rf2 Ra1+ 39. Kh2 Kg7 40. Kg3 Ra3 41. Kf4 Ra4+ 42. e4 Ra6 43. Rf3 Rf6+ 44. Ke3 Rg6 45. g4 Ra6 46. Rf5 Ra3+ 47. Kf4 Rxh3 48. Rg5+ Kf6 49. Rb5 Rh1 50. Rb6+ Kg7 51. g5 Rg1 52. Ra6 Rf1+ 53. Kg4 Rf2 54. Rb6 Re2 55. Kf4 Re1 56. Ra6 Rd1 57. Rb6 Rc1 58. Ra6 Kf8 59. Rh6 Rf1+ 60. Kg4 Kg7 61. Ra6 Rh1 62. Rb6 Rh2 63. Ra6 Rb2 64. Kf4 Rb4 65. Rc6 Ra4 66. Rb6 Ra8 67. Rc6 Rg8 68. Rb6 Rf8 69. Rc6 Rh8 70. Rb6 Rf8 71. Rc6 Re8 72. Rb6 Rc8 73. Rd6 Rb8 74. Ra6 Rd8 75. Rb6 Rd7 76. Ra6 Rb7 77. Rd6 Rb8 78. Ra6 Rc8 79. Rb6 Ra8 80. Kg4 Ra4 81. Kf4 Ra1 82. Rc6 Rf1+ 83. Kg4 Re1 84. Kf4 Rd1 85. Ra6 Rd8 86. Rb6 Re8 87. Ra6 Re7 88. Rb6 Rd7 89. Ra6 Rb7 90. Rd6 Ra7 91. Kg4 Rc7 92. Kf4 Rc5 93. Ra6 Rc1 94. Kg4 Rh1 95. Rb6 Rh2 96. Ra6 Rh1 1/2-1/2

[Event "Titled Tuesday intern op 22nd Aug Late"]
[Site "Chess.com INT"]
[Date "2023.08.22"]
[Round "2"]
[White "Ballester Llagaria, Luis Eduardo"]
[Black "Ghazarian, Kirk Vagho"]
[Result "1-0"]
[WhiteElo "2298"]
[BlackElo "2474"]
[PlyCount "77"]
[EventDate "2023.08.22"]
[EventType "swiss (blitz)"]
[EventRounds "11"]
[EventCountry "USA"]
[SourceTitle "EXT 2024"]
[Source "ChessBase"]
[SourceDate "2023.10.10"]
[SourceVersion "1"]
[SourceVersionDate "2023.10.10"]
[SourceQuality "1"]

1. e4 c5 2. Nc3 a6 3. Nf3 Nc6 4. d4 cxd4 5. Nxd4 e5 6. Nf5 d6 7. Bc4 Bxf5 8. exf5 Nf6 9. g4 Be7 10. g5 Nd7 11. Qh5 g6 12. Qg4 Nd4 13. f6 Bf8 14. 0-0 Nb6 15. Bb3 Qc8 16. Qxc8+ Rxc8 17. f4 Nc4 18. Nd5 b5 19. c3 Ne6 20. a4 Nc5 21. Bxc4 bxc4 22. Nb6 Rc6 23. Nxc4 Nb3 24. Ra3 Nxc1 25. Na5 Rc5 26. b4 Rxc3 27. Rxc3 Ne2+ 28. Kf2 Nxc3 29. Rc1 Nxa4 30. Rc8+ Kd7 31. Ra8 d5 32. Ra7+ Ke6 33. Nc6 exf4 34. Nd8+ Kf5 35. Nxf7 Rg8 36. Rxa6 Bxb4 37. Rxa4 Bc5+ 38. Kf3 Be3 39. Nh6+ 1-0

[Event "Titled Tuesday intern op 22nd Aug Late"]
[Site "Chess.com INT"]
[Date "2023.08.22"]
[Round "9"]
[White "Ghazarian, Kirk Vagho"]
[Black "Grischuk, Alexander"]
[Result "0-1"]
[WhiteElo "2474"]
[BlackElo "2736"]
[PlyCount "46"]
[EventDate "2023.08.22"]
[EventType "swiss (blitz)"]
[EventRounds "11"]
[EventCountry "USA"]
[SourceTitle "EXT 2024"]
[Source "ChessBase"]
[SourceDate "2023.10.10"]
[SourceVersion "1"]
[SourceVersionDate "2023.10.10"]
[SourceQuality "1"]

1. e4 e5 2. d4 exd4 3. Qxd4 Nc6 4. Qd3 Nf6 5. Nf3 Bb4+ 6. Bd2 0-0 7. Bxb4 Nxb4 8. Qc4 a5 9. Nbd2 d5 10. exd5 Re8+ 11. Be2 b6 12. Qb3 Nfxd5 13. a3 a4 14. axb4 axb3 15. Rxa8 Nf4 16. 0-0 Nxe2+ 17. Kh1 bxc2 18. Nb3 Qd5 19. Ra3 Bg4 20. Nbd2 Bxf3 21. Nxf3 c1Q 22. Rxc1 Nxc1 23. h3 Nd3 0-1

[Event "Titled Tuesday intern op 22nd Aug Late"]
[Site "Chess.com INT"]
[Date "2023.08.22"]
[Round "3"]
[White "Ghazarian, Kirk Vagho"]
[Black "Matta, Nicholas F"]
[Result "1-0"]
[WhiteElo "2474"]
[BlackElo "2253"]
[PlyCount "85"]
[EventDate "2023.08.22"]
[EventType "swiss (blitz)"]
[EventRounds "11"]
[EventCountry "USA"]
[SourceTitle "EXT 2024"]
[Source "ChessBase"]
[SourceDate "2023.10.10"]
[SourceVersion "1"]
[SourceVersionDate "2023.10.10"]
[SourceQuality "1"]

1. e4 g6 2. d4 Bg7 3. Be3 d6 4. Bd3 a6 5. Nd2 b5 6. Ne2 Bb7 7. 0-0 Nd7 8. c3 Ngf6 9. a4 bxa4 10. Qxa4 Ng4 11. Bg5 h6 12. Bh4 0-0 13. h3 Ngf6 14. Rfe1 g5 15. Bg3 c5 16. d5 Nh5 17. Bh2 Ne5 18. Qc2 f5 19. exf5 Bxd5 20. Be4 Bxe4 21. Qxe4 d5 22. Qc2 d4 23. cxd4 cxd4 24. Qe4 Nf7 25. Nc4 Kh8 26. Red1 Rc8 27. b3 Nf6 28. Qxd4 Nd5 29. Ne5 Nf4 30. Nxf7+ Rxf7 31. Qxd8+ Rxd8 32. Rxd8+ Kh7 33. Bxf4 Bxa1 34. Be3 Bf6 35. Rd7 Rf8 36. g4 Rb8 37. Bd4 Kg8 38. Bxf6 exf6 39. Nd4 Rb4 40. Ne6 Rxb3 41. Ra7 Rb6 42. Kg2 Kh8 43. Nc7 1-0

[Event "Titled Tuesday intern op 15th Aug Late"]
[Site "Chess.com INT"]
[Date "2023.08.15"]
[Round "10"]
[White "Bjelobrk, Igor"]
[Black "Ghazarian, Kirk Vagho"]
[Result "1-0"]
[WhiteElo "2403"]
[BlackElo "2474"]
[PlyCount "49"]
[EventDate "2023.08.15"]
[EventType "swiss (blitz)"]
[EventRounds "11"]
[EventCountry "USA"]
[SourceTitle "EXT 2024"]
[Source "ChessBase"]
[SourceDate "2023.10.10"]
[SourceVersion "1"]
[SourceVersionDate "2023.10.10"]
[SourceQuality "1"]

1. d4 d5 2. c4 e6 3. Nf3 a6 4. g3 dxc4 5. Bg2 c5 6. 0-0 cxd4 7. Ne5 Nf6 8. Na3 Bxa3 9. bxa3 c3 10. Rb1 0-0 11. Rb4 Nbd7 12. Qxd4 Nxe5 13. Qxe5 c2 14. Bb2 Bd7 15. Rg4 h6 16. Qxf6 Qxf6 17. Bxf6 g5 18. Rc1 Rac8 19. Bxb7 Rc7 20. Bxa6 Rb8 21. Rb4 Rxb4 22. axb4 Ba4 23. Kf1 Rd7 24. Bd3 Rc7 25. Ke1 1-0

[Event "Titled Tuesday intern op 15th Aug Late"]
[Site "Chess.com INT"]
[Date "2023.08.15"]
[Round "3"]
[White "Dubov, Daniil"]
[Black "Ghazarian, Kirk Vagho"]
[Result "1-0"]
[WhiteElo "2716"]
[BlackElo "2474"]
[PlyCount "79"]
[EventDate "2023.08.15"]
[EventType "swiss (blitz)"]
[EventRounds "11"]
[EventCountry "USA"]
[SourceTitle "EXT 2024"]
[Source "ChessBase"]
[SourceDate "2023.10.10"]
[SourceVersion "1"]
[SourceVersionDate "2023.10.10"]
[SourceQuality "1"]

1. d4 d5 2. Nf3 Nf6 3. Bg5 Ne4 4. Bh4 c5 5. e3 Qb6 6. Nbd2 Nc6 7. c3 Bf5 8. Nxe4 Bxe4 9. Bd3 Bxd3 10. Qxd3 g6 11. dxc5 Qxc5 12. Rd1 Rd8 13. 0-0 Bg7 14. e4 dxe4 15. Qxe4 0-0 16. Rfe1 Bf6 17. Bxf6 exf6 18. g3 Kg7 19. Kg2 Qa5 20. a4 Rxd1 21. Rxd1 Rd8 22. Rxd8 Qxd8 23. b4 Qc7 24. Qc4 Qd7 25. a5 a6 26. Qe4 Qc7 27. h4 h5 28. Qd5 Ne7 29. Qd3 Qc6 30. c4 Nf5 31. b5 Qc5 32. Nd2 Nd6 33. b6 Qc6+ 34. Qf3 Qxf3+ 35. Kxf3 Kf8 36. c5 Nb5 37. Ke3 Nc3 38. c6 Nd5+ 39. Kf3 bxc6 40. b7 1-0

[Event "Titled Tuesday intern op 15th Aug Late"]
[Site "Chess.com INT"]
[Date "2023.08.15"]
[Round "4"]
[White "Ghazarian, Kirk Vagho"]
[Black "Arutla, Aditya"]
[Result "1-0"]
[WhiteElo "2474"]
[BlackElo "2161"]
[PlyCount "49"]
[EventDate "2023.08.15"]
[EventType "swiss (blitz)"]
[EventRounds "11"]
[EventCountry "USA"]
[SourceTitle "EXT 2024"]
[Source "ChessBase"]
[SourceDate "2023.10.10"]
[SourceVersion "1"]
[SourceVersionDate "2023.10.10"]
[SourceQuality "1"]

1. e4 c5 2. b3 e6 3. Bb2 d5 4. exd5 exd5 5. g3 Nf6 6. Bg2 Bg4 7. Ne2 Nc6 8. 0-0 Be7 9. h3 Be6 10. d4 cxd4 11. Nxd4 0-0 12. Nxe6 fxe6 13. Nd2 Qd7 14. Qe2 Bd6 15. c4 d4 16. Ne4 Nxe4 17. Qxe4 e5 18. Rac1 Bc5 19. Qd5+ Qxd5 20. cxd5 Nb4 21. Rxc5 Nd3 22. Rc2 Nb4 23. Rc7 Nd3 24. Ba3 Rfc8 25. d6 1-0

[Event "Titled Tuesday intern op 15th Aug Late"]
[Site "Chess.com INT"]
[Date "2023.08.15"]
[Round "8"]
[White "Grischuk, Alexander"]
[Black "Ghazarian, Kirk Vagho"]
[Result "1-0"]
[WhiteElo "2736"]
[BlackElo "2474"]
[PlyCount "55"]
[EventDate "2023.08.15"]
[EventType "swiss (blitz)"]
[EventRounds "11"]
[EventCountry "USA"]
[SourceTitle "EXT 2024"]
[Source "ChessBase"]
[SourceDate "2023.10.10"]
[SourceVersion "1"]
[SourceVersionDate "2023.10.10"]
[SourceQuality "1"]

1. d4 d5 2. Nf3 Nf6 3. Bg5 Ne4 4. Bh4 c5 5. e3 Qb6 6. Nc3 Qb4 7. Bb5+ Nc6 8. 0-0 Nxc3 9. Bxc6+ bxc6 10. bxc3 Qxc3 11. Ne5 f6 12. Qh5+ g6 13. Nxg6 hxg6 14. Qxh8 cxd4 15. exd4 Qxd4 16. Rfe1 Kf7 17. Qh7+ Bg7 18. Rxe7+ Kxe7 19. Qxg7+ Kd6 20. Bxf6 Qe4 21. Bc3 Be6 22. Re1 Qf5 23. Qb7 Rc8 24. Be5+ Kc5 25. c3 a5 26. Qa7+ Kb5 27. a4+ Kxa4 28. Qb6 1-0